[Event "Luxembourg-chT 1213"]
[Site "Luxembourg"]
[Date "2013.05.10"]
[Round "9"]
[White "Chalabi, Khaled"]
[Black "Micottis, Dorian"]
[Result "0-1"]
[WhiteElo "1656"]
[BlackElo "2053"]
[PlyCount "81"]
[EventDate "2012.10.??"]
[EventType "team-tourn"]
[EventRounds "10"]
[EventCountry "LUX"]
[SourceTitle "EXT 2017"]
[Source "ChessBase"]
[SourceDate "2016.10.25"]
[SourceVersion "1"]
[SourceVersionDate "2016.10.25"]
[SourceQuality "1"]

1. d4 Nf6 2. Bf4 g6 3. h3 Bg7 4. e3 0-0 5. Nf3 d6 6. Bc4 Nbd7 7. Nbd2 c5 8. c3 a6 9. a4 b6 10. d5 Bb7 11. e4 Qc7 12. Bh2 Ne5 13. Nxe5 dxe5 14. Qe2 b5 15. Bb3 c4 16. Bc2 Nd7 17. 0-0 Nc5 18. Nf3 f6 19. axb5 axb5 20. Ra3 Rxa3 21. bxa3 Ra8 22. Ra1 Bh6 23. Qe1 Qa5 24. g4 Nb3 25. Ra2 Bc8 26. Kg2 Qb6 27. g5 Bf8 28. Qd1 Nc5 29. h4 Bg4 30. Qd2 Bxf3+ 31. Kxf3 Qd6 32. Bb1 Nb3 33. Qb2 h6 34. Bc2 hxg5 35. Bxb3 cxb3 36. Qxb3 gxh4 37. Qxb5 Rxa3 38. Rxa3 Qxa3 39. Qb4 Qc1 40. c4 Qh1+ 41. Ke3 0-1

[Event "Luxembourg-chT 1314"]
[Site "Luxembourg"]
[Date "2013.??.??"]
[Round "2"]
[White "Hoffmann, Michael"]
[Black "Chalabi, Khaled"]
[Result "1-0"]
[WhiteElo "2482"]
[BlackElo "1656"]
[PlyCount "55"]
[EventDate "2013.10.05"]
[EventType "team-tourn"]
[EventRounds "10"]
[EventCountry "LUX"]
[SourceTitle "EXT 2017"]
[Source "ChessBase"]
[SourceDate "2016.10.25"]
[SourceVersion "1"]
[SourceVersionDate "2016.10.25"]
[SourceQuality "1"]

1. d4 d5 2. c4 c6 3. Nc3 Nf6 4. e3 dxc4 5. Bxc4 Bf5 6. Qb3 b5 7. Bxf7+ Kd7 8. d5 Qa5 9. Be6+ Bxe6 10. dxe6+ Kc7 11. Bd2 Qb6 12. Rc1 Kb7 13. a4 b4 14. a5 Qxa5 15. Na4 Na6 16. Rc4 Nd5 17. e4 Nb6 18. Nxb6 axb6 19. Rd4 Nc5 20. Qd1 Qa1 21. Bc1 g6 22. Ne2 b3 23. Rd7+ Nxd7 24. Qxd7+ Kb8 25. 0-0 Bh6 26. Bxh6 Qxf1+ 27. Kxf1 Ra1+ 28. Nc1 1-0

[Event "Blagny op 3rd"]
[Site "Blagny"]
[Date "2011.04.28"]
[Round "6"]
[White "Poirot, Eric"]
[Black "Chalabi, Khaled"]
[Result "0-1"]
[WhiteElo "1499"]
[BlackElo "1618"]
[PlyCount "70"]
[EventDate "2011.04.23"]
[EventType "swiss"]
[EventRounds "6"]
[EventCountry "FRA"]
[SourceTitle "CBM 142 Extra"]
[Source "ChessBase"]
[SourceDate "2011.06.27"]
[SourceVersion "1"]
[SourceVersionDate "2011.06.27"]
[SourceQuality "1"]

1. e4 c6 2. d4 d5 3. exd5 cxd5 4. Nf3 Bf5 5. Bb5+ Nc6 6. Bxc6+ bxc6 7. Ne5 Rc8 8. c3 Nf6 9. Qa4 Qb6 10. b3 Nd7 11. Bf4 Nxe5 12. Bxe5 f6 13. Bf4 Bd3 14. Nd2 Bb5 15. Qa3 e5 16. Qc1 exf4 17. Nf3 Bd6 18. a4 Ba6 19. Qc2 Rb8 20. b4 0-0 21. 0-0-0 Rfe8 22. Nh4 Bc8 23. a5 Qc7 24. g3 Qf7 25. Ng2 Bg4 26. Rde1 Bf3 27. Rxe8+ Rxe8 28. Rg1 Bxg2 29. Rxg2 Re1+ 30. Kb2 f3 31. Rg1 Rxg1 32. Qa4 Qe8 33. a6 Qe2+ 34. Kb3 Rb1+ 35. Ka3 Ra1+ 0-1